The Oil economy of Kuwait

Tallennettuna:
Bibliografiset tiedot
Päätekijä: Al-Sabah, Y. S. F.
Aineistotyyppi: Kirja
Kieli:Undetermined
Julkaistu: London Kegan Paul International 1980
Aiheet:
Tagit: Lisää tagi
Ei tageja, Lisää ensimmäinen tagi!
Thư viện lưu trữ: Trung tâm Học liệu Trường Đại học Cần Thơ
LEADER 00493nam a2200181Ia 4500
001 CTU_78044
008 210402s9999 xx 000 0 und d
082 |a 330.953 
082 |b A316 
100 |a Al-Sabah, Y. S. F. 
245 4 |a The Oil economy of Kuwait 
245 0 |c Y. S. F. Al-Sabah 
260 |a London 
260 |b Kegan Paul International 
260 |c 1980 
650 |a petroleum industry and trade 
650 |z kuwait 
980 |a Trung tâm Học liệu Trường Đại học Cần Thơ